000 00696nam a2200253Ia 4500
001 827
003 GE_BSU
008 181216s||||||||xx |||||||||||||| ||und||
020 _a9785891448933
040 _cGE_BSU
080 _a159.9(075.8)
100 _aАралова,М.А.
245 _aСправочник психолога Доу
245 _bСерия справочники образования
260 _aМосква
260 _bТЦ Сфера
260 _c2007
300 _a272стр.
541 _h10л.
653 _aпсихология
653 _aСправочник психолога Доу
653 _aფსიქოლოგია
942 _cBK
999 _c34991
_d34991